<?xml version='1.0' encoding='UTF-8'?>
  <record xmlns="http://www.loc.gov/MARC21/slim">
    <leader>00000cam a22000007i 4500</leader>
    <controlfield tag="001">on1329428829</controlfield>
    <controlfield tag="003">OCoLC</controlfield>
    <controlfield tag="005">20250701014127.5</controlfield>
    <controlfield tag="008">220614e153703uufr ac         000 0 lat d</controlfield>
    <datafield tag="040" ind1=" " ind2=" ">
      <subfield code="a">QGJ</subfield>
      <subfield code="b">eng</subfield>
      <subfield code="e">rda</subfield>
      <subfield code="e">dcrmr</subfield>
      <subfield code="c">QGJ</subfield>
      <subfield code="d">QGJ</subfield>
      <subfield code="d">OCLCA</subfield>
      <subfield code="d">QGJ</subfield>
      <subfield code="d">OCL</subfield>
      <subfield code="d">OCLCQ</subfield>
      <subfield code="d">OCLCO</subfield>
      <subfield code="d">OCLCL</subfield>
    </datafield>
    <datafield tag="066" ind1=" " ind2=" ">
      <subfield code="c">Grek</subfield>
      <subfield code="c">(S</subfield>
    </datafield>
    <datafield tag="035" ind1=" " ind2=" ">
      <subfield code="a">(OCoLC)1329428829</subfield>
    </datafield>
    <datafield tag="082" ind1="1" ind2="4">
      <subfield code="a">940.1</subfield>
      <subfield code="q">OCoLC</subfield>
      <subfield code="1">https://id.oclc.org/worldcat/ddc/E3cY4V9wfwwjcVwby9fCxR7bGg</subfield>
    </datafield>
    <datafield tag="100" ind1="0" ind2=" ">
      <subfield code="a">Burchard,</subfield>
      <subfield code="c">von Ursberg,</subfield>
      <subfield code="d">approximately 1177-1231,</subfield>
      <subfield code="e">author.</subfield>
      <subfield code="4">aut</subfield>
    </datafield>
    <datafield tag="240" ind1="1" ind2="0">
      <subfield code="a">Chronicon Urspergensis</subfield>
    </datafield>
    <datafield tag="245" ind1="1" ind2="0">
      <subfield code="a">Chronicum abbatis Vrspergensis, a Nino rege Assyriorum magno, usque ad Fridericum 2. Romanorum imperatorem, :</subfield>
      <subfield code="b">ex optimis autoribus, Josepho, Eusebio, Orosio, Historia Tripartita, Eutropio, Procopio, Beda, Jornande, Historia rerum Geticarum, Witichindo, Eginhardo, &amp; plerisq[ue] aliis, (è quibus ho rapsōdos sua collegit) per studiosum historiarum, virum candidum, magna diligentia recognitum, &amp; innumeris mendis repurgatum. Paraleipomena rerum memorabilium, à Friderico II. usq[ue] ad Carolum V. Augustum, hoc est, ab anno Domini M.CC.XXX. usq[ue] ad annum M.D.XXXVII. ex probatioribus qui habentur scriptoribus in arctum coacta, &amp; historiæ Abbatis Urspergensis per eundem studiosum annexa. Cum iconibus imp. et principum ad vivum expressis.</subfield>
    </datafield>
    <datafield tag="246" ind1="3" ind2=" ">
      <subfield code="6">880-01</subfield>
      <subfield code="a">Chronicum a Nino rege Assyriorum magno, usque ad Fridericum II. Romanorum imperatorem</subfield>
    </datafield>
    <datafield tag="246" ind1="3" ind2=" ">
      <subfield code="a">Chronicum abbatis Urspergensis,</subfield>
    </datafield>
    <datafield tag="246" ind1="3" ind2="7">
      <subfield code="a">Chronicvm Abbatis Vrsperg.</subfield>
    </datafield>
    <datafield tag="246" ind1="3" ind2="7">
      <subfield code="a">Rervm memorabilivm paraleipomena</subfield>
    </datafield>
    <datafield tag="264" ind1=" " ind2="1">
      <subfield code="a">Argentorati :</subfield>
      <subfield code="b">apvd Cratonem Mylivm,</subfield>
      <subfield code="c">Mense Martio, anno M.D.XXXVII [1537].</subfield>
    </datafield>
    <datafield tag="300" ind1=" " ind2=" ">
      <subfield code="a">[4] leaves, CCCXXXIX pages, [1] leaf, CLXXXIII pages, [1] leaf :</subfield>
      <subfield code="b">illustrations, portraits ;</subfield>
      <subfield code="c">32 cm (folio)</subfield>
    </datafield>
    <datafield tag="336" ind1=" " ind2=" ">
      <subfield code="a">text</subfield>
      <subfield code="b">txt</subfield>
      <subfield code="2">rdacontent</subfield>
    </datafield>
    <datafield tag="337" ind1=" " ind2=" ">
      <subfield code="a">unmediated</subfield>
      <subfield code="b">n</subfield>
      <subfield code="2">rdamedia</subfield>
    </datafield>
    <datafield tag="338" ind1=" " ind2=" ">
      <subfield code="a">volume</subfield>
      <subfield code="b">nc</subfield>
      <subfield code="2">rdacarrier</subfield>
    </datafield>
    <datafield tag="340" ind1=" " ind2=" ">
      <subfield code="a">paper</subfield>
      <subfield code="m">folio</subfield>
      <subfield code="2">rdabf</subfield>
    </datafield>
    <datafield tag="500" ind1=" " ind2=" ">
      <subfield code="a">Signatures: *⁴, A-Z⁶, a-d⁶ e-f⁴, A-O⁶ P⁴ Q⁶ (4* blank).</subfield>
    </datafield>
    <datafield tag="500" ind1=" " ind2=" ">
      <subfield code="a">Colophon: Argentorati apvd Cratonem Mylivm, mense martio, anno M.D.XXXVIII.</subfield>
    </datafield>
    <datafield tag="500" ind1=" " ind2=" ">
      <subfield code="a">Imprint: Anno M.D.XXXVII. [1537] Mense Martio.</subfield>
    </datafield>
    <datafield tag="500" ind1=" " ind2=" ">
      <subfield code="a">Printer's name and year taken from colophon.</subfield>
    </datafield>
    <datafield tag="500" ind1=" " ind2=" ">
      <subfield code="a">Includes: Hedio, Kaspar, Paraleipomena rerum memorabilium à Friderico II. usque ad Carolum V. Augustum. (cf. VD16 H 933)</subfield>
    </datafield>
    <datafield tag="500" ind1=" " ind2=" ">
      <subfield code="a">Wrongly attributed to Burchard's successor at Ursperg, Conrad or Konrad von Lichtenau; prefactory epistle by Philipp Melanchthon; edited by Kaspar Hedio.</subfield>
    </datafield>
    <datafield tag="500" ind1=" " ind2=" ">
      <subfield code="a">Initials; printed marginalia.</subfield>
    </datafield>
    <datafield tag="500" ind1=" " ind2=" ">
      <subfield code="a">Printer's device on title page of each part, and on verso of last leaf (with motto 'Hostibus haud tergo, sed forti pectore notus').</subfield>
    </datafield>
    <datafield tag="500" ind1=" " ind2=" ">
      <subfield code="a">In the same year another edition was published in which the the second work (Paraleipomena) continues pagination and signing of the first work (VD 16, H 932).</subfield>
    </datafield>
    <datafield tag="510" ind1="4" ind2=" ">
      <subfield code="a">Verzeichnis der im deutschen Sprachbereich erschienenen Drucke des 16. Jahrhunderts (VD 16)</subfield>
      <subfield code="c">B 9801</subfield>
    </datafield>
    <datafield tag="510" ind1="4" ind2=" ">
      <subfield code="3">Paraleipomena rerum memorabilium à Friderico II. usque ad Carolum V. Augustum</subfield>
      <subfield code="a">Verzeichnis der im deutschen Sprachbereich erschienenen Drucke des 16. Jahrhunderts (VD 16)</subfield>
      <subfield code="c">H 933</subfield>
    </datafield>
    <datafield tag="510" ind1="4" ind2=" ">
      <subfield code="a">Adams, H.M. Catalogue of books printed on the continent of Europe, 1501-1600, in Cambridge libraries,</subfield>
      <subfield code="c">C 2519</subfield>
    </datafield>
    <datafield tag="510" ind1="4" ind2=" ">
      <subfield code="a">Répertoire bibliographique des livres du XVIe siècle qui se trouvent à la Bibliothèque nationale et universitaire de Strasbourg,</subfield>
      <subfield code="c">I, 332 (cf.)</subfield>
    </datafield>
    <datafield tag="510" ind1="4" ind2=" ">
      <subfield code="a">Index Aureliensis,</subfield>
      <subfield code="c">127.843</subfield>
    </datafield>
    <datafield tag="600" ind1="0" ind2="0">
      <subfield code="a">Charles</subfield>
      <subfield code="b">V,</subfield>
      <subfield code="c">Holy Roman Emperor,</subfield>
      <subfield code="d">1500-1558.</subfield>
    </datafield>
    <datafield tag="600" ind1="0" ind2="0">
      <subfield code="a">Frederick</subfield>
      <subfield code="b">II,</subfield>
      <subfield code="c">Holy Roman Emperor,</subfield>
      <subfield code="d">1194-1250.</subfield>
    </datafield>
    <datafield tag="610" ind1="2" ind2="0">
      <subfield code="a">Reichsstift Ursberg</subfield>
      <subfield code="x">History.</subfield>
    </datafield>
    <datafield tag="650" ind1=" " ind2="0">
      <subfield code="a">World history</subfield>
      <subfield code="v">Early works to 1800.</subfield>
    </datafield>
    <datafield tag="651" ind1=" " ind2="0">
      <subfield code="a">Germany</subfield>
      <subfield code="x">History</subfield>
      <subfield code="v">Early works to 1800.</subfield>
    </datafield>
    <datafield tag="651" ind1=" " ind2="6">
      <subfield code="a">Allemagne</subfield>
      <subfield code="x">Histoire</subfield>
      <subfield code="v">Ouvrages avant 1800.</subfield>
    </datafield>
    <datafield tag="650" ind1=" " ind2="6">
      <subfield code="a">Histoire universelle</subfield>
      <subfield code="v">Ouvrages avant 1800.</subfield>
    </datafield>
    <datafield tag="600" ind1="0" ind2="7">
      <subfield code="a">Charles</subfield>
      <subfield code="b">V,</subfield>
      <subfield code="c">Holy Roman Emperor,</subfield>
      <subfield code="d">1500-1558</subfield>
      <subfield code="2">fast</subfield>
      <subfield code="1">https://id.oclc.org/worldcat/entity/E39PBJrrtb7QxXCFgdVBT4dmh3</subfield>
    </datafield>
    <datafield tag="600" ind1="0" ind2="7">
      <subfield code="a">Frederick</subfield>
      <subfield code="b">II,</subfield>
      <subfield code="c">Holy Roman Emperor,</subfield>
      <subfield code="d">1194-1250</subfield>
      <subfield code="2">fast</subfield>
      <subfield code="1">https://id.oclc.org/worldcat/entity/E39PBJx4tjCFB9bd4jjJ4jcF8C</subfield>
    </datafield>
    <datafield tag="650" ind1=" " ind2="7">
      <subfield code="a">World history</subfield>
      <subfield code="2">fast</subfield>
    </datafield>
    <datafield tag="651" ind1=" " ind2="7">
      <subfield code="a">Germany</subfield>
      <subfield code="2">fast</subfield>
      <subfield code="1">https://id.oclc.org/worldcat/entity/E39PBJtCD3rcKcPDx6FHmjvrbd</subfield>
    </datafield>
    <datafield tag="655" ind1=" " ind2="7">
      <subfield code="a">History</subfield>
      <subfield code="2">fast</subfield>
    </datafield>
    <datafield tag="655" ind1=" " ind2="7">
      <subfield code="a">Early works</subfield>
      <subfield code="2">fast</subfield>
    </datafield>
    <datafield tag="655" ind1=" " ind2="7">
      <subfield code="a">Annals and chronicles</subfield>
      <subfield code="2">fast</subfield>
    </datafield>
    <datafield tag="655" ind1=" " ind2="7">
      <subfield code="a">Annals and chronicles.</subfield>
      <subfield code="2">lcgft</subfield>
    </datafield>
    <datafield tag="655" ind1=" " ind2="7">
      <subfield code="a">Annales et chroniques.</subfield>
      <subfield code="2">rvmgf</subfield>
    </datafield>
    <datafield tag="700" ind1="1" ind2=" ">
      <subfield code="a">Hedio, Kaspar,</subfield>
      <subfield code="d">1494-1552,</subfield>
      <subfield code="e">editor.</subfield>
      <subfield code="4">edt</subfield>
      <subfield code="1">https://id.oclc.org/worldcat/entity/E39PBJwhwbTth8tDgDJdw4t7pP</subfield>
    </datafield>
    <datafield tag="700" ind1="0" ind2=" ">
      <subfield code="a">Conradus,</subfield>
      <subfield code="c">Urspergensis,</subfield>
      <subfield code="d">-1240,</subfield>
      <subfield code="e">attributed name.</subfield>
      <subfield code="4">att</subfield>
    </datafield>
    <datafield tag="700" ind1="1" ind2=" ">
      <subfield code="a">Melanchthon, Philip,</subfield>
      <subfield code="d">1497-1560,</subfield>
      <subfield code="e">writer of supplementary textual content.</subfield>
      <subfield code="4">wst</subfield>
      <subfield code="1">https://id.oclc.org/worldcat/entity/E39PBJqQtH68krrpJcG6Tt8cT3</subfield>
    </datafield>
    <datafield tag="700" ind1="1" ind2=" ">
      <subfield code="a">Müller, Kraft,</subfield>
      <subfield code="d">approximately 1503-1547,</subfield>
      <subfield code="e">printer.</subfield>
      <subfield code="4">prt</subfield>
      <subfield code="1">https://id.oclc.org/worldcat/entity/E39PBJqK7PXBKyyYmbFMBqHV4q</subfield>
    </datafield>
    <datafield tag="740" ind1="0" ind2=" ">
      <subfield code="a">Paraleipomena rerum memorabilium, a Friderico II. usque ad Carolum quintum Augustum, hoc est, ab anno Domini M. CC. XXX. usque ad annum M.D. XXXVIII. ex probatioribus qui habentur scriptoribus, in arctum coacta, &amp; historiae abbatis Uspergensis per quendam studiosum annexa</subfield>
    </datafield>
    <datafield tag="740" ind1="0" ind2=" ">
      <subfield code="a">Paraleipomena rervm memorabilivm, a Friderico II. usque ad Carolum quintum Augustum, hoc est, ab anno Domini M.CC.XXX. usque ad annum M.D.XXXVIII. ex probatioribus qui habentur scriptoribus, in arctum coacta, &amp; historię abbatis Vspergensis per quendam stvdiosvm annexa</subfield>
    </datafield>
    <datafield tag="740" ind1="0" ind2=" ">
      <subfield code="a">Paraleipomena rerum memorabilium, a Friderico II. usque ad Carolum V. Augustum</subfield>
    </datafield>
    <datafield tag="752" ind1=" " ind2=" ">
      <subfield code="a">France</subfield>
      <subfield code="d">Strasbourg,</subfield>
      <subfield code="e">publication place.</subfield>
      <subfield code="4">pup</subfield>
    </datafield>
    <datafield tag="758" ind1=" " ind2=" ">
      <subfield code="i">has work:</subfield>
      <subfield code="a">Chronicon Urspergensis (Text)</subfield>
      <subfield code="1">https://id.oclc.org/worldcat/entity/E39PCFPJFCQ4hxM8CBc3bJgWKq</subfield>
      <subfield code="4">https://id.oclc.org/worldcat/ontology/hasWork</subfield>
    </datafield>
    <datafield tag="880" ind1="3" ind2=" ">
      <subfield code="6">246-01/Grek</subfield>
      <subfield code="a">Chronicvm abbatis Vrspergensis, a Nino rege Assyriorvm magno, vsqve ad Fridericvm II. Romanorvm imperatorem, :</subfield>
      <subfield code="b">ex optimis autoribus, Iosepho, Eusebio, Orosio, Historia Tripartita, Eutropio, Procopio, Beda, Iornande, Historia rerum Geticarum, Vuitichindo, Eginhardo, &amp; plerisq[ue] alijs, (è quibus o ῥαψῳδός sua collegit) per stvdiosvm historiarvm, uirum candidum, magna diligentia recognitum, &amp; innumeris mendis repurgatum. Paraleipomena rervm memorabilivm, à Friderico II. usq[ue] ad Carolum V. Augustum, hoc est, ab anno Domini M.CC.XXX. usq[ue] ad annum M.D.XXXVII. ex probatioribus qui habentur scriptoribus in arctum coacta, &amp; historiæ Abbatis Vrspergensis per eundem stvdiosvm annexa. Cvm iconibvs imp. et principvm ad uiuum expressis.</subfield>
    </datafield>
  </record>